| 000 | 00887nam a2200253Ia 4500 | ||
|---|---|---|---|
| 008 | 141004s9999 xx 000 0 und d | ||
| 020 | _a81 7649 833 5 | ||
| 040 | _ca | ||
| 041 | _aEnglish | ||
| 082 | _a631.4 | ||
| 082 | _bBEN/HA | ||
| 100 | _aDK Benbi | ||
| 245 | _aHandbook of processes and modeling in the soil plant system | ||
| 245 | _cDK Benbi | ||
| 260 | _aNew Delhi | ||
| 260 | _bViva books private limited | ||
| 260 | _c2004 | ||
| 300 | _a762 p. | ||
| 300 | _b24 cm | ||
| 365 | _aRs.1295 | ||
| 501 | _aKAUCOF | ||
| 650 | _aPhysical, Chemical and biological proccesss of soil-plant system, Soil formation, radioactivity in soil-plant system, soil acidification, soil alkalinization, soil erosion, soil conservation, soil water dynamics, solute-water interactions | ||
| 942 | _cBK | ||
| 999 |
_c305486 _d305486 |
||